00931nam a2200229Ii 45000010005000000030009000050080041000140400033000550410008000880820016000961000024001122450042001362640079001783000012002573360026002693370028002953380027003239400050003509990017004009520142004179520142005595917CO-ViMGA241108s9999||||xx |||||||||||||| ||und|| aCO-ViMGAbspaerdacCO-ViMGA0 aunk04aC863.09-O831 aUriel Ospina95248610aSesenta minutos de novela en Colombia 1a[Lugar de publicación no identificado] : Banco de la República, [197?] avolumen atextbtxt2rdacontent aunmediatedbn2rdamedia avolumebnc2rdacarrier aidficha_siabuc: 5770. -- ficha_no_siabuc:5917 c55483d55483 001040708001aMEVIGERRbMEVIGERRcGENd2006-11-27hVol.1oC863.09-O83pECA5115r2024-11-26 10:42:18tEj.1w2024-11-26yBKz5770 | 8073 001040708001aMEVIGERRbMEVIGERRcGENd2006-11-27hVol.1oC863.09-O83pECA5114r2024-11-26 10:42:18tEj.1w2024-11-26yBKz5770 | 8072